ბათუმის შოთა რუსთაველის სახელმწიფო უნივერსიტეტის ბიბლიოთეკა

გატეხილი ხიდი (ბიბ.ჩანაწერი № 41839)

000 -LEADER
fixed length control field 00748nam a2200229Ia 4500
001 - CONTROL NUMBER
control field 8522
003 - CONTROL NUMBER IDENTIFIER
control field GE_BSU
008 - FIXED-LENGTH DATA ELEMENTS--GENERAL INFORMATION
fixed length control field 181216s||||||||xx |||||||||||||| ||und||
040 ## - CATALOGING SOURCE
Transcribing agency GE_BSU
080 ## - UNIVERSAL DECIMAL CLASSIFICATION NUMBER
Universal Decimal Classification number 821.353.1-311.6
100 ## - MAIN ENTRY--PERSONAL NAME
Personal name ზედგინიძე,გიორგი
245 ## - TITLE STATEMENT
Title გატეხილი ხიდი
245 ## - TITLE STATEMENT
Remainder of title ისტორიული რომანი
245 ## - TITLE STATEMENT
Statement of responsibility, etc. რედ. ლ. თურბანდიშვილი. მხატვ. დ.ბერძენიშვილი
260 ## - PUBLICATION, DISTRIBUTION, ETC.
Place of publication, distribution, etc. თბილისი
260 ## - PUBLICATION, DISTRIBUTION, ETC.
Name of publisher, distributor, etc. მერანი
260 ## - PUBLICATION, DISTRIBUTION, ETC.
Date of publication, distribution, etc. 1985
300 ## - PHYSICAL DESCRIPTION
Extent 337გვ.20სმ.
653 ## - INDEX TERM--UNCONTROLLED
Uncontrolled term გატეხილი ხიდი
653 ## - INDEX TERM--UNCONTROLLED
Uncontrolled term რომანი
942 ## - ADDED ENTRY ELEMENTS (KOHA)
Koha item type წიგნი
ეგზემპლარები
Withdrawn status Lost status Damaged status Not for loan Date acquired Barcode Date last seen Price effective from Koha item type
        2018-12-17 30892 2018-12-17 2018-12-17 წიგნი
        2018-12-17 30893 2018-12-17 2018-12-17 წიგნი